[Event "Kingston Easter U1900"]
[Site "Kingston"]
[Date "2019.04.20"]
[Round "4.39"]
[White "Dickson, Kirk Johannes"]
[Black "Lemieux, Richard"]
[Result "1-0"]
[WhiteElo "1682"]
[BlackElo "1802"]
[PlyCount "65"]
[EventDate "2019.04.18"]
[EventType "swiss"]
[EventRounds "9"]
[EventCountry "CAN"]
[SourceTitle "EXT 2022"]
[Source "ChessBase"]
[SourceDate "2021.10.06"]
[SourceVersion "1"]
[SourceVersionDate "2021.10.06"]
[SourceQuality "1"]

1. d4 Nf6 2. e3 e6 3. Bd3 d5 4. Nd2 c5 5. c3 Be7 6. f4 Nc6 7. Ngf3 c4 8. Bc2 b5 9. 0-0 h5 10. Ne5 Bb7 11. Rf3 Ng4 12. h3 Nh6 13. Rg3 Nxe5 14. fxe5 g6 15. e4 Kd7 16. Qe2 h4 17. Rf3 Rf8 18. Nxc4 dxe4 19. Bxe4 Bxe4 20. Qxe4 Nf5 21. Qb7+ Qc7 22. Qxb5+ Kc8 23. Qa6+ Kd7 24. Ne3 Ng3 25. Ng4 Nf5 26. b3 Rab8 27. Ba3 Rb6 28. Qa4+ Kc8 29. Bxe7 Nxe7 30. Rxf7 Rd8 31. Qa3 Rd7 32. Nf6 Qxc3 33. Rc1 1-0